Quizzes
Events
Quiz Creation
Community
Videos
Private Events
Remove Ads
Sign In
Join for FREE
Feedback
Dark Mode
Quiz Categories
Sports
Geography
Music
Movies
Television
Just For Fun
Miscellaneous
History
Literature
Language
Science
Gaming
Entertainment
Religion
Holiday
For Kids
Quiz Lab
Recent
Popular Today
Quiz Kudos Today
Editor Picks
Curator Picks
Quizzes by...
Day
Popularity
Type
Ratings
Length
Year
Community
Subscriptions
Recent Discussions
Orange Saloon
Badges
Playlists
Quests
Create
Leaderboards
Showdown
Live 5
Trivia Bingo
Activity
Puzzle Library
Sporcle Events
Private Events
Virtual Trivia
Globe League
Become a Host
Pub Owners
SporcleCon
Opinionation
Our Games
Videos
Blog
Mobile Apps
Partnerships
Remove Ads and Go Orange
Feedback
Science
Computer
Plants
Astronomy
Chemistry
Elements
Math
Animal
Physics
Anatomy
Biology
Geology
General Science
Science
Computer
Plants
Astronomy
Chemistry
Elements
Math
Animal
Physics
Anatomy
Biology
Geology
General Science
Random Quiz
Search Sporcle
×
Quiz Lab
Quiz Lab
Science
Terminology
Type in answers that appear in a list
Type in answers that appear in a list
Classic
Best Score? Go Orange.
Medical Root Words Stats
Can you name some common medical word roots?
By
spacetree3
15m
161 Questions
1,148 Plays
1,148 Plays
1,148 Plays
Comments
Comments
Give Quiz Kudos
Give Quiz Kudos
-
- Ratings
hide this ad
More Info
Replay
Link that replays current quiz
Next Quiz
Link to next quiz in quiz playlist
You Got
0%
They Got
Avg Score
49%
Avg Friend Score
Upgrade to see
Score Distribution
Jump to the score distribution portion of the page
Score
0/161
Timer
15:00
0
Plays Today
Root
Meaning
% Correct
audi/
o
to hear
91.3%
acou/
o; acoust/
o
hear
91.2%
abdomin/
o
abdomen
82.7%
ocul/
o
eye
82.1%
ophthalm/
o
eye
82.1%
cerebr/
o
brain, cerebrum
82%
alb/
o
white
81.3%
gastr/
o
stomach
81.3%
leuk/
o
white
81.3%
bi
life; also two
80.8%
cardi/
o
heart
80.5%
cutane/
o
skin
79.3%
derm(at)/
o
skin
79.3%
encephal/
o or enchephal/
o
brain
79.3%
dipl/
o
two, double
77.8%
pneumo(n)/
o
lung
77.4%
andr/
o
man
76.5%
hem(at)/
o
blood
75.6%
sangui(n)/
o
blood
75.6%
bacteri/
o
bacteria
75.5%
oste/
o
bone
75.2%
aur/
o
ear
74.8%
ot/
o
ear
74.8%
append/
o
appendix
74.6%
rhin/
o
nose
74.2%
crani/
o
cranium, skull
72.6%
nephr/
o
kidney
72.3%
ren/
o
kidney
72.3%
hepat/
o
liver
72.2%
adip/
o
fat
70.6%
ather/
o
fat
70.6%
ped/
o
child or foot
70.6%
cyan/
o
blue
69.9%
digit
finger or toe
69.9%
arthr/
o
joint
69.6%
cyt/
o
cell
69.3%
aort/
o
aorta
68.7%
cephal/
o
head
68.6%
neur/
o
nerve
67.8%
cartil/
o
cartilage, gristle
66.9%
chondr/
o
cartilage
66.9%
hydr/
o
water
66.6%
carcin/
o
cancer
65.7%
uter/
o
uterus
65.4%
gyn/
o
woman, female
64.7%
my/
o
muscle
64.5%
aden/
o
gland
64.1%
cervic/
o
neck or cervix
63.9%
erythr/
o
red
63.7%
quadr/
o; quar
four
61.5%
angi/
o
vessel
61.3%
angin/
o
blood vessel
61.3%
vas/
o
blood vessel
61.3%
dors/
o
back
61%
Root
Meaning
% Correct
glyc/
o
sugar, sweet
60.6%
melan/
o
black, dark
60.5%
path/
o
disease
59.8%
pharyng/
o
throat, pharynx
59.3%
hom/
o
the same
59.1%
pod(i)
foot
58.9%
corne/
o
cornea
58%
lact/
o
milk
57.7%
calc/
i
calcium
57.6%
anter/
o
front
57.1%
pleur/
o
rib, side
56.5%
psych/
o
mind
56.4%
pneum(at)/
o
lungs, air
55.9%
embry/
o
embryo
55.6%
alges/
o
pain
55.1%
bil/
i
bile
54.8%
chol/
e
bile
54.8%
thorac/
o
chest
54.2%
blephar/
o
eyelid
53.7%
cost/
o
rib
53.6%
mal/
o
abnormal, bad
53.6%
heter/
o
other, different
53.4%
toxic/
o
poisonous
53%
idi/
o
person, self
52.7%
ur/
o
urine
52.7%
carp/
o
wrist
52.4%
emesis
vomit
52.4%
aut/
o
self
52.4%
col/
o
colon
52.4%
lingu/
o
tongue
51.2%
brachi/
o
arm
49%
stomat/
o
mouth
47.6%
bucc/
o
cheek
47.3%
pseud/
o
false
47.1%
medi/
o
middle
47%
duoden/
o
duodenum
46.7%
cyst/
o
bladder
46.6%
ech/
o
to bounce, sound
46.5%
electr/
o
electricity
46.3%
ov/
o or oo
egg
45.9%
mening/
o
membrane, usually the meninges
45%
pyr/
o
fire, heat
44.9%
bronch/
i
airway, bronchus
44.5%
pulmon/
o
lungs
44.4%
varic/
o
dilated vein
44.4%
atri/
o
atrium
43.8%
colp/
o
vagina
43.5%
stern(o)-
sternum or breastbone
43.3%
chrom/
o
color
42.7%
phag/
o
eat
41.6%
cycl/
o
circle or cycle
41.2%
myel/
o
marrow or spinal cord
41.2%
phot/
o
light
40.7%
scler/
o
hard
39.8%
Root
Meaning
% Correct
trich/
o
hair
39.5%
dist/
o
distant, away
37.1%
pur, py
pus
37%
palpate
to examine by touch
35.8%
enter/
o
small intestine
34.7%
cent/
i
one hundredth or 100
33.5%
fract
break
33.5%
sect/
o
cut
32.7%
tom/
o
cut
32.7%
burs/
o
pouch or sac
31.4%
xer/
o
dry
31.1%
chron/
o
time
30.8%
dips/
o
thirst
30.7%
men/
o
month or menstruation
30.3%
crin/
o
to secrete
28.9%
caud/
o
tail
28.7%
ankyl/
o
fused, stiff
28.5%
febr
fever
28.5%
som(a)
body
28.5%
disk/
o
flat shape, intervertebral disk
28%
flex
bend
28%
asthen/
o
weak
26.9%
spir/
o
coil, to breathe
26.7%
cec/
o
blind intestine, cecum
26.4%
gest
pregnancy, carry, produce, or congestion
26.3%
foramen
opening
26.2%
cubitus
elbow
26.1%
esthesi
sensation or perception
26%
gno
know
25.3%
viscer/
o
internal organs
25%
blast/
o
germ, bud, developing cell
24.3%
diverticul/
o
diverticulum, a small blind pouch
24%
sept/
o
wall, divider; also seven
22.3%
xen/
o
foreign (material)
22%
sinus
cavity, channel, or hollow space
22%
cirrh/
o
yellow-orange
21.3%
duct/
o
lead, move
20.1%
ede
swelling
19.3%
cor/
o
pupil
18.9%
percuss
to examine by striking
18.9%
atel/
o
incomplete
17.8%
pto
fall
17.7%
emmetr/
o
according to measure
16.7%
cel/
o
hernia, protrusion
15.4%
episi/
o
vulva
15.2%
cent/
e
to puncture (a body cavity)
14.4%
cleid/
o
clavicle
14.4%
ptyal/
o
saliva
14%
condyl/
o
knuckle of a joint
12.4%
elast/
o
change shape
11.5%
embol/
o
a plug
10.4%
sebum
a fatty secretion of the sebaceous glands
10.4%
serum
clear portion of body fluids
9.9%
Quiz Playlist
Details
Report
Send in Message
Add To Playlist
More Info:
Adapted from Navigate 2 Advantage Access for Emergency Care and Transportation of the Sick and Injured, Eleventh Edition
Classic:
Type in answers that appear in a list
Last Updated: Feb 16, 2017
Quiz Scoreboard
CHALLENGE
Sign Up to Join the Scoreboard
Show All
Scores
Hide
Comments
May contain spoilers
Recently Published
An Introduction to Baseball
by treessimontrees
Sports
5m
Movies - When Are They Set?
by FPL_Elf
Movies
5m
Popular People in 1961
by mucciniale
History
6m
More to Explore
Quiz From the Vault
Featured Blog Post
Where Did the Easter Bunny Come From?
hide this ad
You Might Also Like...
Tags
Education
emt
Medical
Medical Terminology
Medicine
root
Root Words
Terminology
Today's Top Quizzes in Science
Browse Science
hide this ad
Today's Top Quizzes in Terminology
Browse Terminology
Top Contributed Quizzes in Science
1
Quick Pick: 'CI-CJ' Animals
2
Quick Pick: Radians
3
Elements In Images
4
One Thing in Common: Science
5
One Thing in Common: Science III
6
Count to 60
7
One Thing in Common: Science II
8
One Thing in Common: Animals
9
Square Numbers Scrambled (1-50)
10
Order Up: Organs and Body Systems
Explore More
Trending Topics
Crossword
Anime
NBA
Disney
Marvel
Harry Potter
Kpop
NFL
Puzzle
WWE
The Office
Country
Song
Soccer
Pokémon
hide this ad
More By:
spacetree3
Quiz
Plays
Rating
Category
Featured
Created
Medical Root Words
1,148
Science
Jul 6, 2016
Regina Spektor 'That Time' Lyrics
132
5.00
Music
Dec 22, 2016
Go to Creator's Profile
Score Distribution
Quiz Creator Spotlight
spacetree3
Follow
Send a Message
Quizzes Created
-
Created Quiz Play Count
-
More By This Creator
Popular Quizzes Today
1
Find the Countries of Europe - No Outlines Minefield
2
Find the US States - No Outlines Minefield
3
The Countries of the World
4
Popular People in 1961
5
Find the US States
6
US States
7
1-10 Letter E Words III
8
Risky Map Clicking: Biggest States A-Z
More Science Quizzes
Computer Definitions: A
Published
Trending Quizzes
Risky Map Clicking: Least Populous States A-Z
1-10 Letter F Words
1-10 Letter G Words
Not Quite an Element Typing Challenge
One Thing in Common: United Kingdom
Recently Updated
Leaping Animals
pecheneg
Reality TV Shows (A-Z)
bhenderson79
Rickey Henderson's Hall of Fame Teammates
pecheneg
Champions League XIs: Arsenal
pecheneg
Quick Pick: Celebrities in WWE's Hall of Fame
aduchscher
A-Z Keypad Blitz II
pecheneg
Multiple Oscar Actors
pecheneg
Mystery Phrase Blitz: Oscar 'Best Actors'
pecheneg
F. Scott Fitzgerald Novels
LTH
Pick 3 Villains
ddd62291
Trending Topics
Crossword
Kpop
Marvel
Disney
Anime
Harry Potter
NBA
Puzzle
WWE
Country
Pokémon
Soccer
The Office
NFL
Song
Your Account Isn't Verified!
In order to create a playlist on Sporcle, you need to verify the email address you used during registration. Go to your
Sporcle Settings
to finish the process.
Report this User
Report this user for behavior that violates our
Community Guidelines
.
Details:
Send Report
Go to the Sporcle.com Mobile Site →
Comments